000 00899nam a2200229 a 4500
001 65323
003 BD-RjUL
005 20211209081417.0
008 170304s1976 bg ||||| |||| 00| 0 ben d
020 _cTk. 18.00
035 _a(BD-RjUL)65453
040 _aBD-RjUL
_bben
_cBD-RjUL
_dBD-RjUL
041 _aben
082 _223
_a891.4409
_bMUS 1976
100 _aমুখোপাধ্যায়, সুনীলকুমার
_9118659
245 1 0 _aসাহিত্য-সমীক্ষা /
_cসুনীলকুমার মুখোপাধ্যায়
260 _aঢাকা :
_bমুক্তধারা,
_c১৯৭৬
300 _a২৫৫ পৃ. ;
_c২২ সেমি.
650 _aবাংলা সাহিত্য
_vইতিহাস ও সমালোচনা
_9122719
650 _aBengali literature
_vhistory and criticism
_9135345
942 _2ddc
_cBK
999 _c65323
_d65323